00332nam a2200097 a 450000500170000000800410001705000180005824500520007626000370012850000690016520140513081053.0090911s19uu xx 00 eng d aKitbLIT 1980 a3 Mr. Men and little miss /cHangreaves, Roger. aU.S.A :bOttenheimer pub,c1980. aStories on LP casette. Titles: Mr. Funny, Mr. Noisy, Mr. Muddle.